Ελεύθερνα
Αποθηκεύτηκε σε:
| Κύριος συγγραφέας: | |
|---|---|
| Άλλοι συγγραφείς: | |
| Μορφή: | Βιβλίο |
| Γλώσσα: | Greek |
| Δημοσίευση: |
Αθήνα :
Lamda Develοpment : Κοινωφελές Ίδρυμα Ιωάννη Σ. Λάτση,
c2020.
|
| Σειρά: | (Ο κύκλος των μουσείων ;
19) |
| Θέματα: | |
| Ετικέτες: |
Προσθήκη ετικέτας
Δεν υπάρχουν, Καταχωρήστε ετικέτα πρώτοι!
|
MARC
| LEADER | 00000cam a2200000 a 4500 | ||
|---|---|---|---|
| 001 | 1/122658 | ||
| 008 | 210210s2020####gr ac|||||||||||| ||gre|| | ||
| 020 | |a 9789608154933 | ||
| 040 | |a GR-MyUa |b gre |c GR-MyUa |e AACR2 | ||
| 041 | 0 | |a gre | |
| 082 | 7 | |a 938.1 |2 (23) | |
| 100 | 1 | |a Σταμπολίδης, Νικόλαος Χρ. | |
| 245 | 1 | 0 | |a Ελεύθερνα / |c Νικόλαος Χρ. Σταμπολίδης ; φωτογραφίες Σωκράτης Μαυρομμάτης. |
| 260 | |a Αθήνα : |b Lamda Develοpment : |b Κοινωφελές Ίδρυμα Ιωάννη Σ. Λάτση, |c c2020. | ||
| 300 | |a 325 σ. : |b εικ. έγχρ ; |c 32 εκ. | ||
| 490 | 0 | |a (Ο κύκλος των μουσείων ; |v 19) | |
| 504 | |a Περιλαμβάνει βιβλιογραφικές παραπομπές. | ||
| 650 | 0 | |a Excavations (Archaeology) |z Greece |z Crete. | |
| 651 | 0 | |a Crete (Greece) |x Antiquities. | |
| 651 | 0 | |a Crete (Greece) |x History. | |
| 700 | 1 | |a Μαυρομμάτης, Σωκράτης, |e pht | |
| 852 | |a INST |b LESVOS |e 20210210 |h 938.1 ΣΤΑ |p 005100063410 |q 005100063410 |t BK |y 0 | ||
| 970 | |a Καμάτσου |b Δέσποινα |z 10-02-2021 | ||